[Event "BCF-chT3 2224 (4NCL)"]
[Site "England"]
[Date "2023.11.11"]
[Round "1.56"]
[White "Buckland, Louis"]
[Black "MacLannan, Richard"]
[Result "1-0"]
[WhiteElo "1846"]
[BlackElo "1768"]
[PlyCount "99"]
[EventDate "2023.11.11"]
[EventType "team-tourn"]
[EventRounds "11"]
[EventCountry "ENG"]
[SourceTitle "CB48_2023"]
[SourceDate "2023.11.29"]
[SourceVersion "1"]
[SourceVersionDate "2023.11.29"]
[SourceQuality "1"]
[WhiteTeam "Sussex Martlets II"]
[BlackTeam "Wotton Hall"]
[WhiteTeamCountry "ENG"]
[BlackTeamCountry "ENG"]

1. d4 Nf6 2. c4 e6 3. g3 Bb4+ 4. Bd2 Qe7 5. Bg2 d5 6. Nf3 0-0 7. 0-0 Nbd7 8. Bf4 Bd6 9. Ne5 c5 10. Nxd7 Bxd7 11. Bxd6 Qxd6 12. dxc5 Qxc5 13. cxd5 Nxd5 14. Bxd5 exd5 15. e3 Bh3 16. Re1 Qb4 17. Qd2 Qe4 18. f4 Rfd8 19. Nc3 Qb4 20. a3 Qb3 21. Red1 d4 22. exd4 Rd7 23. Qf2 Bg4 24. Rd2 Re8 25. Re1 Rde7 26. Rxe7 Rxe7 27. d5 Qc4 28. d6 Rd7 29. Qxa7 h5 30. Qe3 g6 31. Qd4 Qxd4+ 32. Rxd4 Bf3 33. Kf2 Bh1 34. Ke3 f5 35. Nd5 Bxd5 36. Rxd5 Kf7 37. Kd4 b6 38. a4 Rd8 39. d7 Ke7 40. b4 Ra8 41. a5 bxa5 42. bxa5 Kd8 43. Ke5 Ra6 44. Kd4 Re6 45. Kc5 Re2 46. a6 Rc2+ 47. Kb6 Rb2+ 48. Rb5 Ra2 49. a7 Kxd7 50. Kb7 1-0

[Event "BCF-chT4 2223 (4NCL)"]
[Site "England"]
[Date "2023.02.04"]
[Round "5.34"]
[White "Sturt, Charles A"]
[Black "Maclannan, Richard"]
[Result "0-1"]
[WhiteElo "1600"]
[BlackElo "1811"]
[PlyCount "126"]
[EventDate "2022.11.05"]
[EventType "team-swiss"]
[EventRounds "11"]
[EventCountry "ENG"]
[SourceTitle "EXT 2024"]
[Source "ChessBase"]
[SourceDate "2023.10.10"]
[SourceVersion "1"]
[SourceVersionDate "2023.10.10"]
[SourceQuality "1"]
[WhiteTeam "Celtic Tigers II"]
[BlackTeam "Wotton Hall"]
[WhiteTeamCountry "ENG"]
[BlackTeamCountry "ENG"]

1. e4 e5 2. Nf3 Nc6 3. Nc3 Nf6 4. Bb5 Nd4 5. Nxe5 Nxb5 6. Nxb5 c6 7. Nc3 d5 8. exd5 Nxd5 9. Nxd5 Qxd5 10. 0-0 Bd6 11. Re1 0-0 12. d4 c5 13. Nf3 Bg4 14. dxc5 Qxd1 15. Rxd1 Bxc5 16. Be3 Bxe3 17. fxe3 Rfe8 18. Kf2 Rac8 19. Rd2 f6 20. Nd4 Rc5 21. h3 Bh5 22. Nf3 Re7 23. Rad1 Kf7 24. c3 Rb5 25. c4 Rc5 26. Rd5 Bxf3 27. Kxf3 Rxc4 28. Rd7 Rc2 29. R1d2 Rxd2 30. Rxd2 Ke6 31. e4 Rc7 32. g4 Rc5 33. Kf4 Rc1 34. Rd8 Rc2 35. Re8+ Kf7 36. Rd8 Rxb2 37. Rd7+ Kf8 38. Kf5 Rb6 39. h4 Rb5+ 40. Kf4 h5 41. gxh5 Rxh5 42. Rxb7 Ra5 43. Rb2 Kf7 44. h5 Kg8 45. Rh2 Kh7 46. Ke3 Kh6 47. Kf4 Re5 48. Rh3 a5 49. Rb3 Kxh5 50. a4 g5+ 51. Kf3 g4+ 52. Kg3 Rxe4 53. Rb5+ Re5 54. Rb8 Kg5 55. Rg8+ Kf5 56. Rxg4 Re3+ 57. Kh4 Re4 58. Rxe4 Kxe4 59. Kg3 f5 60. Kf2 Kf4 61. Kf1 Ke3 62. Ke1 f4 63. Kf1 Kf3 0-1